Rugby World Cup Winners - Statistics

General Stats
  • This quiz has been taken 5,132 times
    5,130 since last reset
  • The average score is 7 of 7
Answer Stats
Hint Answer % Correct
1987 New Zealand
98%
1991 Australia
96%
2003 England
96%
2011 New Zealand
96%
1995 South Africa
95%
2007 South Africa
95%
1999 Australia
94%
No matching quizzes found
Score Distribution
Percent of People with Each Score
Percentile by Number Answered
Your Score History
You have not taken this quiz since the last reset